|
|
|
|
| LEADER |
00000nam a22000007a 4500 |
| 005 |
20210429215555.0 |
| 007 |
cr|||| |||| |
| 008 |
210429s2010 co |||||s|||| 00||0 spa d |
| 020 |
|
|
|a 978-958-665-200-1
|
| 035 |
|
|
|a 33194
|
| 040 |
|
|
|a vLex
|
| 090 |
|
|
|c 11563
|d 11563
|
| 100 |
1 |
|
|a Fitzpatrick, Peter
|
| 245 |
1 |
2 |
|a El derecho como resistencia
|h [Recurso electrn̤ico] :
|b modernismo, imperialismo, legalismo /
|c Peter Fitzpatrick
|
| 256 |
|
|
|a Servicio en ln̕ea
|
| 260 |
|
|
|a Bogot:̀
|b Siglo del Hombre Editores,
|c 2010
|
| 300 |
|
|
|a 1 recurso electrn̤ico
|
| 500 |
|
|
|a Esta compilacin̤ recoge una muestra del trabajo de un pensador que responde a la urgencia de las injusticias a partir de una forma de relacionarse con el derecho que resalta la posibilidad actual de resistir al y desde ľ. Su trabajo afronta esta cuestin̤ desde una pluralidad de condiciones y elementos que exponen al derecho en la multiplicidad de sus interacciones con las herencias brutales de la invencin̤ occidental del nacionalismo, las formas contemporǹeas de imperialismo y el carc̀ter restrictivo de una mentalidad teolg̤ica que se mimetiza en formas seculares ansiosas de universalismos erigidos sobre la exclusin̤ de lo otro, de lo diferente.
|
| 506 |
1 |
|
|a Disponible solo en los productos indicados
|d vLex Global
|d vLex Global (Academic Edition, excluding Law Schools)
|d vLex Global (U.S. Academic Edition, Law Schools)
|d vLex Global (U.S. Academic Edition, excluding Law Schools)
|d vLex Global (Academic Edition, Law Schools)
|
| 650 |
0 |
4 |
|a Derecho Militar
|z Colomba̕
|
| 650 |
0 |
4 |
|a Ciencia polt̕ica
|z Colomba̕
|
| 740 |
0 |
|
|a vLex Libros (Servicio en ln̕ea)
|
| 856 |
4 |
0 |
|u https://vlex.com/source/derecho-como-resistencia-modernismo-imperialismo-legalismo-33194
|z Acceso restringido
|
| 942 |
|
|
|c BOOK
|
| 999 |
0 |
|
|a Military Law
|
| 999 |
0 |
|
|a Political science
|